Culture Générale - Série 1315 - Statistiques

Statistiques générales
  • Ce quiz a été pris 85 fois
  • Le résultat moyen est 4 sur 10
Statistiques - réponses
Question Réponse % Correct
Quel lac d'Europe, traversé par le Rhône, est partagé entre la France et la Suisse ? lac Léman
89%
Selon le proverbe, quel saint déshabille-t-on pour habiller saint Paul ? Pierre
80%
En 1853, de quel homme d'État français Eugénie de Montijo est-elle devenue la femme ? Napoléon III
44%
Quel palais parisien est occupé par le Sénat ? palais du Luxembourg
41%
Quel est le prénom de l'héroïne de "L'Assommoir" d'Émile Zola ? Gervaise
39%
Entre 1914 et 1924, quel nom fut donné à la ville de Saint-Petersbourg ? Petrograd
34%
En quelle année la grotte de Lascaux fut-elle découverte ? 1940
28%
Quel ancien chef d'État a publié "Chaque pas doit être un but", le premier tome de ses mémoires ? Jacques Chirac
24%
Quel nom porte l'élevage des vers à soie ? sériciculture
13%
De 1967 à 2009, quel homme politique fut président de la République gabonaise ? Omar Bongo
11%
Aucun quiz correspondant
Distribution des résultats
% des personnes avec chaque résultat
Percentile par nombre de réponses
Votre historique - résultats
Vous n’avez pas pris ce quiz